Cyprus Country quiz - Statistics

General Stats
  • This quiz has been taken 18 times
  • The average score is 6 of 11
Answer Stats
Hint Answer % Correct
Which country invaded Cyprus in 1974 Turkey
87%
Who had control over Cyprus before 1955 UK
80%
Which ancient greek mythology goddess was born in Cyrus? Aphrodite
73%
What was the currency of Cyprus before entering the euro Cyprus pound
73%
With which countries does Cyprus have close ties with Greece
73%
Dominant religious affiliation in Cyprus Orthodox
67%
Traditional chesse of Cyprus Hallumi
40%
Month of the Independance Day October
40%
Name of a cypriot grilled meat kebab Souvlakia
33%
What was the purpose of the 1955 revolution? Reunification/Enosis
27%
National anthem Hymn to Liberty
7%
No matching quizzes found
Score Distribution
Percent of People with Each Score
Percentile by Number Answered
Your Score History
You have not taken this quiz